| Tag |
First Indicator |
Second Indicator |
Subfields |
| LEADER |
00000cam a2200000 i 4500 |
| 001 |
in00005726558 |
| 005 |
20260319204325.0 |
| 006 |
m o d |
| 007 |
cr ||||||||||| |
| 008 |
231129s2023 nyua fob 001 0 eng d |
| 040 |
|
|
|a STBDS
|b eng
|e rda
|e pn
|c STBDS
|d OCLCO
|d OCLCF
|d OCLCL
|d OCLCQ
|
| 020 |
|
|
|a 9780197747896
|q ebook
|
| 020 |
|
|
|a 0197747892
|
| 024 |
7 |
|
|a 10.1093/oso/9780197747858.001.0001
|2 doi
|
| 035 |
|
|
|a (OCoLC)1414975051
|
| 050 |
|
4 |
|a K2264.E4
|b C4 2023
|
| 072 |
|
7 |
|a LAW
|2 ukslc
|
| 072 |
|
7 |
|a LN
|2 thema
|
| 082 |
0 |
4 |
|a 347.06
|2 23
|
| 049 |
|
|
|a TXAM
|
| 100 |
1 |
|
|a Chilton, Adam S.,
|e author.
|
| 245 |
1 |
0 |
|a Trial by numbers :
|b a lawyer's guide to statistical evidence /
|c Adam Chilton and Kyle Rozema.
|
| 264 |
|
1 |
|a New York, NY :
|b Oxford University Press,
|c 2023.
|
| 300 |
|
|
|a 1 online resource :
|b illustrations.
|
| 336 |
|
|
|a text
|b txt
|2 rdacontent
|
| 337 |
|
|
|a computer
|b c
|2 rdamedia
|
| 338 |
|
|
|a online resource
|b cr
|2 rdacarrier
|
| 500 |
|
|
|a Also issued in print: 2023.
|
| 504 |
|
|
|a Includes bibliographical references and index.
|
| 520 |
8 |
|
|a A significant problem within the legal profession is that many of the lawyers litigating cases and the judges deciding them have only a limited understanding of how to properly interpret empirical evidence. 'Trial by Numbers' provides an easy way for members of the legal profession to acquire a basic understanding of the most common methods that serve as the building blocks for empirical evidence in academic articles, policy briefs, and expert witness reports. Adam Chilton and Kyle Rozema take a different approach to other introductory books on empirical methods, omitting the formulas and equations found in other books, and instead focusing on explaining the intuition and logic of common empirical methods. The work also exclusively use examples that are relevant to law school and legal practice.
|
| 521 |
|
|
|a Specialized.
|
| 588 |
|
|
|a Description based on online resource and publisher information; title from PDF title page (viewed on December 18, 2023).
|
| 650 |
|
0 |
|a Evidence (Law)
|
| 650 |
|
0 |
|a Evidence (Law)
|x Statistical methods.
|
| 650 |
|
6 |
|a Preuve (Droit)
|
| 650 |
|
6 |
|a Preuve (Droit)
|x Méthodes statistiques.
|
| 650 |
|
7 |
|a Evidence (Law)
|2 fast
|0 (OCoLC)fst00917186
|
| 650 |
|
7 |
|a Evidence (Law)
|x Statistical methods.
|2 fast
|0 (OCoLC)fst00917197
|
| 650 |
|
7 |
|a Laws of specific jurisdictions & specific areas of law.
|2 thema
|
| 650 |
|
7 |
|a Law.
|2 ukslc
|
| 655 |
|
7 |
|a Electronic books.
|2 local
|
| 700 |
1 |
|
|a Rozema, Kyle,
|e author.
|
| 776 |
0 |
8 |
|i Print version :
|z 9780197747858
|
| 856 |
4 |
0 |
|u http://proxy.library.tamu.edu/login?url=https://academic.oup.com/book/56321
|z Connect to the full text of this electronic book
|t 0
|
| 936 |
|
|
|a BATCHLOAD
|
| 955 |
|
|
|a Oxford Scholarship Online
|
| 994 |
|
|
|a 92
|b TXA
|
| 999 |
f |
f |
|i 84ea9d91-4260-40cf-834a-35f719e445a1
|s 706b78e6-6f72-42f0-8ba3-b5e1965aeb48
|t 0
|
| 952 |
f |
f |
|a Texas A&M University
|b College Station
|c Electronic Resources
|s www_evans
|d Available Online
|t 0
|e K2264.E4 C4 2023
|h Library of Congress classification
|
| 998 |
f |
f |
|a K2264.E4 C4 2023
|t 0
|l Available Online
|